The Big Bang Theory Cast Photo Quiz Stats

 Plays Quiz Updated Sep 9, 2015

Challenge
Share
Tweet
Score 0/7 Timer 01:00
8 Plays Today
% Correct
Sheldon Cooper
94%
Penny Hofstadter
92.9%
Raj Koothrappali
92.3%
Amy Farrah Fowler
92.2%
Howard Wolowitz
92.2%
Leonard Hofstadter
92%
Bernadette Rostenkowski-Wolowitz
85.3%

You're not logged in!

Compare scores with friends on all Sporcle quizzes.
Join for Free
OR
Log In

You Might Also Like...

Show Comments

Extras

Top Quizzes Today


Score Distribution

Your Account Isn't Verified!

In order to create a playlist on Sporcle, you need to verify the email address you used during registration. Go to your Sporcle Settings to finish the process.

Report this User

Report this user for behavior that violates our Community Guidelines.

Details: